ขุนช้าง ขุนแผน ชุดวรรณคดีไทยร้อยแก้ว / เปรมเสรี [5th] (ระเบียนเลขที่ 6644)
| 000 -LEADER | |
|---|---|
| fixed length control field | 00732nam a22001937a 4500 |
| 005 - DATE AND TIME OF LATEST TRANSACTION | |
| control field | 20220701114143.0 |
| 008 - FIXED-LENGTH DATA ELEMENTS--GENERAL INFORMATION | |
| fixed length control field | s2533 th tha d |
| 041 ## - LANGUAGE CODE | |
| Language code of text/sound track or separate title | tha |
| 050 ## - LIBRARY OF CONGRESS CALL NUMBER | |
| Classification number | PL4209 ป257ข 2533 |
| 100 0# - MAIN ENTRY--PERSONAL NAME | |
| Personal name | เปรมเสรี |
| 245 10 - TITLE STATEMENT | |
| Title | ขุนช้าง ขุนแผน ชุดวรรณคดีไทยร้อยแก้ว / เปรมเสรี [5th] |
| 260 3# - PUBLICATION, DISTRIBUTION, ETC. | |
| Place of publication, distribution, etc. | กรุงเทพฯ : |
| Name of publisher, distributor, etc. | บำรุงสาส์น, |
| Date of publication, distribution, etc. | 2533 |
| 300 ## - PHYSICAL DESCRIPTION | |
| Extent | 631 หน้า ; |
| Other physical details | 21 ซม. |
| 650 04 - SUBJECT ADDED ENTRY--TOPICAL TERM | |
| Topical term or geographic name entry element | วรรณคดีไทย |
| 850 ## - HOLDING INSTITUTION | |
| Holding institution | NALT |
| 942 ## - ADDED ENTRY ELEMENTS (KOHA) | |
| Koha item type | General Book |
| Koha issues (borrowed), all copies | 2 |
| 997 ## - | |
| -- | 000000000006644 |
| 998 ## - LOCAL CONTROL INFORMATION (RLIN) | |
| -- | Narumon Suwan |
| -- | 111 |
| -- | นางสาวพจพิณ พรมเอี่ยม |
| Withdrawn status | Lost status | Damaged status | Not for loan | Collection code | Home library | Current library | Date acquired | Total Checkouts | Full call number | Barcode | Date last seen | Date last checked out | Price effective from | Koha item type |
|---|---|---|---|---|---|---|---|---|---|---|---|---|---|---|
| General Book collection | National Assembly Library of Thailand | National Assembly Library of Thailand | 04/04/2022 | 2 | PL 4209 ป257ข 2533 | 3961111583 | 04/07/2022 | 01/07/2022 | 09/06/2017 | General Book |
